00612cam a22002411 4500001001300000003000400013005001700017008004100034010001700075025001900092035002000111040002100131042001200152050001800164100002600182245003500208260001100243300002900254500001600283500002200299650003200321999001700353sa 67004345 DLC20260227112345.0950302s1965 ii c 000 0 beno  asa 67004345  aPL480:I-B-2772 a(OCoLC)32076453 aDLCcCUdCUdDLC apremarc00aHV7911.S3bA31 aSaha, Hiralal,d1901-10aĀmāra puliṡī jībana. c[1965] a2, 221 p.bport.c19 cm. aIn Bengali. aAutobiographical. 0aPolicezIndiazWest Bengal. c74403d74403